[Event "Budapest Gyorgy Memorial 1st"]
[Site "Budapest"]
[Date "2016.11.12"]
[Round "5.5"]
[White "Komarenko, Dmytro"]
[Black "Sulyok, Eszter"]
[Result "1-0"]
[WhiteElo "1738"]
[BlackElo "1618"]
[PlyCount "151"]
[EventDate "2016.11.10"]
[EventType "swiss"]
[EventRounds "7"]
[EventCountry "HUN"]
[SourceTitle "EXT 2018"]
[Source "ChessBase"]
[SourceDate "2017.10.13"]
[SourceVersion "1"]
[SourceVersionDate "2017.10.13"]
[SourceQuality "1"]

1. e4 c5 2. d4 cxd4 3. c3 dxc3 4. Nxc3 Nc6 5. Bc4 e6 6. Nf3 a6 7. Bf4 d6 8. 0-0 Nf6 9. Qe2 Be7 10. Rfd1 Qc7 11. Rac1 0-0 12. Bb3 Nh5 13. Bg3 Nxg3 14. hxg3 Re8 15. Nd5 Qd8 16. Nf4 e5 17. Nd3 Bg4 18. Bxf7+ Kxf7 19. Nfxe5+ Nxe5 20. Nxe5+ dxe5 21. Qxg4 Qb6 22. Qh5+ Kg8 23. Qxe5 Bf6 24. Qd5+ Kh8 25. b3 Rad8 26. Qf7 Rf8 27. Rxd8 Rxd8 28. Rc7 Be5 29. Rd7 Rc8 30. Qf5 Bxg3 31. Rd1 Rg8 32. Rd3 Bd6 33. e5 Rf8 34. Rxd6 Rxf5 35. Rxb6 Rf7 36. Re6 Kg8 37. g3 Kf8 38. Kg2 g5 39. f3 Kg7 40. g4 Kf8 41. Kg3 Kg8 42. Re8+ Kg7 43. e6 Rf6 44. Re7+ Kg6 45. Rxb7 Rxe6 46. Rb4 Kf6 47. Ra4 Rb6 48. f4 gxf4+ 49. Kxf4 Kg6 50. Ra5 h6 51. Re5 Kf6 52. Re8 Kf7 53. Re4 Kf6 54. b4 Rb5 55. a3 h5 56. gxh5 Rxh5 57. a4 Rh4+ 58. Ke3 Rh3+ 59. Kd4 Ra3 60. a5 Rh3 61. Kc5 Rh6 62. Rd4 Ke7 63. Rd5 Rh8 64. b5 axb5 65. Kxb5 Rh1 66. a6 Rb1+ 67. Kc6 Ra1 68. Kb6 Rb1+ 69. Rb5 Rd1 70. a7 Rd6+ 71. Ka5 Rd1 72. Ka6 Rd6+ 73. Rb6 Rd8 74. Rb8 Rd6+ 75. Kb5 Rd5+ 76. Kc4 1-0

[Event "Budapest Gyorgy Memorial 1st"]
[Site "Budapest"]
[Date "2016.11.11"]
[Round "2.5"]
[White "Komarenko, Dmytro"]
[Black "Kelemen, Norbert1111"]
[Result "1-0"]
[WhiteElo "1738"]
[BlackElo "1680"]
[PlyCount "27"]
[EventDate "2016.11.10"]
[EventType "swiss"]
[EventRounds "7"]
[EventCountry "HUN"]
[SourceTitle "EXT 2018"]
[Source "ChessBase"]
[SourceDate "2017.10.13"]
[SourceVersion "1"]
[SourceVersionDate "2017.10.13"]
[SourceQuality "1"]

1. e4 e5 2. Nf3 Nc6 3. Bc4 Bc5 4. c3 d6 5. d4 exd4 6. cxd4 Bb4+ 7. Nc3 Bg4 8. d5 Ne5 9. Qa4+ Bd7 10. Qxb4 a5 11. Qb3 a4 12. Qb4 c5 13. dxc6 Nxc6 14. Qxd6 1-0